Episkopos apostolikos, or, The episcopacy of the Church of England justified to be apostolical : from the authority of the antient primitive church, and from the confessions of the most famous divines of the reformed churches beyond the seas : being a full satisfaction in this cause, as well for the necessity, as for the just right thereof, as consonant to the word of God /

Bibliographic Details
Main Author: Morton, Thomas, 1564-1659
Format: Microform Book
Language:English
Series:Early English books, 1641-1700 ; 745:29.
Subjects:

MARC

Tag First Indicator Second Indicator Subfields
LEADER 00000cam a2200000 a 4500
001 in00000958621
005 20150926133612.0
007 hd afv|||baca
008 860117s1670 miu a 00010 eng d
035 |a (OCoLC)13033059 
035 |9 AEU0672AM 
037 |a CL0037000022  |b UMI 
037 |b University Microfilms International, 300 N. Zeeb Road, Ann Arbor, MI 48106. 
040 |a EAA  |c EAA  |d m/c  |d UtOrBLW 
049 |a TXAI 
099 |a film   |a  B   |a  3609 
100 1 |a Morton, Thomas,  |d 1564-1659. 
245 1 0 |a Episkopos apostolikos, or, The episcopacy of the Church of England justified to be apostolical :  |b from the authority of the antient primitive church, and from the confessions of the most famous divines of the reformed churches beyond the seas : being a full satisfaction in this cause, as well for the necessity, as for the just right thereof, as consonant to the word of God /  |c by ... Thomas Morton ... ; before which is prefixed a preface to the reader concerning this subject, by Sir Henry Yelverton, Baronet. 
264 3 |a London :  |b Printed for J. Collins ...,  |c 1670. 
300 |a 8 unnumbered pages, li, 1 unnumbered page, 162 pages, 16 unnumbered pages 
336 |a text  |b txt  |2 rdacontent 
337 |a microform  |b h  |2 rdamedia 
338 |a microfilm reel  |b hd  |2 rdacarrier 
500 |a Includes bibliographical references. 
500 |a Frontispiece (portrait) lacking in filmed copy. 
500 |a Reproduction of original in Huntington Library. 
510 4 |a Wing  |c M2838 
510 4 |a Arber's Term cat.  |c I 25 
533 |a Microfilm.  |b Ann Arbor, Mich. :  |c University Microfilms International,  |d 1977.  |e 1 microfilm reel ; 35 mm.  |f (Early English books, 1641-1700 ; 745:29) 
500 |a Microform. 
610 2 0 |a Church of England  |x Clergy. 
650 0 |a Episcopacy  |x Early works to 1800. 
830 0 |a Early English books, 1641-1700 ;  |v 745:29. 
999 |a MARS 
999 f f |s ef8234ee-50bb-3a3b-a958-51f3d5806f12  |i 0b322d85-c1dc-30b8-aaa0-7d356d00cc23  |t 0 
952 f f |p default  |a Texas A&M University  |b College Station  |c Sterling C. Evans Library  |d Evans: Microforms (3rd floor)  |t 0  |e film B 3609 745:29  |h Other scheme  |i microform -- microfilm reel 
998 f f |a film B 3609 745:29  |t 0  |l Evans: Microforms (3rd floor)